Destinos del Aeropuerto Int. Ezeiza (Buenos Aires) - Estadísticas

Estadísticas generales
  • Esta prueba ha sido intentada 179 veces
    22 desde el último reinicio
  • La puntuación promedio es 49 de 68
Estadísticas de respuestas
Aerolíneas Destino % Correcto
Aeroméxico Ciudad de México
100%
Copa Airlines Ciudad de Panamá
100%
Aerolíneas Argentinas Córdoba
100%
LATAM AirlinesSky Airline Lima
100%
Aerolíneas ArgentinasAmerican Airlines LATAM Airlines Miami
100%
American Airlines Delta Airlines Nueva York
100%
British AirwaysEmirates
Flybondi GOL Linhas Aéreas
JetSMART LATAM Airlines
Río de Janeiro
100%
Air CanadaEthiopian Airlines LATAM Airlines Swiss Turkish Airlines São Paulo
100%
Avianca Bogotá
94%
British Airways Londres
94%
Air France París
94%
Aerolíneas Argentinas Rosario
94%
Aerolíneas Argentinas JetSMART KLM LATAM Airlines Sky Airline Santiago de Chile
94%
Aerolíneas Argentinas Santiago del Estero
94%
China Eastern Airlines Shanghái
94%
Ethiopian Airlines Adís Abeba
88%
KLM Ámsterdam
88%
Level Barcelona
88%
Turkish Airlines Estambul
88%
Aerolíneas Argentinas
Air Europa Iberia
Plus Ultra Líneas Aéreas
Madrid
88%
Aerolíneas ArgentinasFlybondi JetSMART Mendoza
88%
Aerolíneas Argentinas
Flybondi
JetSMART
Salta
88%
Aerolíneas ArgentinasFlybondi San Salvador de Jujuy
88%
Aerolíneas Argentinas
Flybondi
JetSMART
Ushuaia
88%
Lufthansa Fráncfort
81%
United Airlines Houston
81%
Avianca Medellin
81%
Aerolíneas ArgentinasFlybondi
JetSMART
Neuquén
81%
Avianca Quito
81%
Aerolíneas ArgentinasITA Airways Roma
81%
Aerolíneas Argentinas
Flybondi
JetSMART
San Carlos de Bariloche
81%
Boliviana de Aviación Santa Cruz de la Sierra
81%
Air Canada Toronto
81%
Delta Airlines Atlanta
75%
Aerolíneas Argentinas Cancún
75%
Emirates Dubái
75%
Aerolíneas Argentinas
Flybondi
JetSMART
El Calafate
75%
AviancaLATAM Airlines Guayaquil
75%
Aerolíneas Argentinas Resistencia
75%
Aerolíneas Argentinas Río Gallegos
75%
Aerolíneas Argentinas San Juan (ARG)
75%
Aerolíneas ArgentinasJetSMART San Miguel de Tucumán
75%
GOL Linhas Aéreas Brasilia
69%
FlybondiGOL Linhas Aéreas LATAM Airlines Florianópolis
69%
Aerolíneas Argentinas La Rioja
69%
Aerolíneas Argentinas
Flybondi
JetSMART
Puerto Iguazú
69%
Aerolíneas ArgentinasAraJet Punta Cana
69%
JetSMART Recife
69%
Avianca San José (CR)
69%
AraJet Santo Domingo
69%
FlybondiSky Airline Salvador de Bahia
63%
Swiss Zúrich
63%
Aerolíneas ArgentinasFlybondi Comodoro Rivadavia
56%
American Airlines Dallas-Fort Worth
56%
GOL Linhas Aéreas Fortaleza
56%
Aerolíneas Argentinas Puerto Madryn
56%
Aerolíneas Argentinas Bahía Blanca
50%
Aerolíneas Argentinas Posadas
50%
Aerolíneas Argentinas San Martín de Los Andes
50%
Aerolíneas Argentinas Trelew
50%
China Eastern Airlines Auckland
31%
GOL Linhas AéreasJetSMART Natal
31%
Aerolíneas Argentinas Río Grande
31%
Aerolíneas Argentinas Oranjestad
25%
GOL Linhas Aéreas Porto Seguro
25%
Flybondi Encarnación
19%
FlybondiGOL Linhas Aéreas Maceió
19%
GOL Linhas Aéreas João Pessoa
0%
No se encontraron pruebas coincidentes
Distribución de puntuación
Porcentaje de gente con cada puntuación
Porcentaje por número respondido
Historial de tus puntuaciones
No has intentado esta prueba desde el último reinicio